00931njm a2200265Ia 4500001000600000003000900006005001700015008004100032040001300073040001300086041001200099100002200111100001800133100003800151245002200189250001100211260001200222260006100234300001700295300002900312500001600341505019100357650005100548700006600599D0885IT-RoPAU20220918181137.0131025s9999 xx 000 0 und d aIT-RoPAU cIT-RoPAU aINGLESE aTornqvist Rebecka eAutore musica gCodice autore musica SPICS: 43682 2aA Night Like This a1a ed. aENGLAND bEMI RECORDSc1993 [1a Ed.:1993 - Ed. Lingua Orig.: 1993] aCOMPACT DISC c55 minuti (Testo: pag.) aMusica pop. aMary, Mary - Madrid - Easy Come, Easy Go - Everywhere - Nothing Ever - Here's That Rainy Day - Molly Says - Wander Where You Wader - Angel Eyes - Do You Mind - One Hour Drive - I'll Wait aPOP [COMPACT DISC]eCodice MATERIA SPICS: 9949 aTornqvist RebeckagCodice interprete SPICS: 43682eInterprete